Welcome to the Holygrace Academy Library

Please use search bar below to get started

ASTROSAURS ACADEMY (Record no. 6141)

MARC details
000 -LEADER
fixed length control field 00500nam a22001457a 4500
020 ## - INTERNATIONAL STANDARD BOOK NUMBER
ISBN 978-1-862-30559-5
082 ## - DEWEY DECIMAL CLASSIFICATION NUMBER
Classification number 823
Item number COL/A
100 ## - MAIN ENTRY--AUTHOR NAME
Personal name COLE, STEVE
245 ## - TITLE STATEMENT
Title ASTROSAURS ACADEMY
Remainder of title JUNGLE HORROR!
260 ## - PUBLICATION, DISTRIBUTION, ETC. (IMPRINT)
Place of publication UNITED KINGDOM
Name of publisher RED FOX
Year of publication 2009
300 ## - PHYSICAL DESCRIPTION
Number of Pages 114
520 ## - SUMMARY, ETC.
Summary, etc Teggs and the gang are shocked when all the teachers at Astrosaurs Academy disappear suddenly. Apparently they're on an emergency conference in a safari ...
650 ## - SUBJECT ADDED ENTRY--TOPICAL TERM
Topical Term ADVENTURE STORY
Geographic subdivision UNITED KINGDOM
942 ## - ADDED ENTRY ELEMENTS (KOHA)
Koha item type Books
Holdings
Withdrawn status Lost status Collection code Home library Current library Shelving location Date acquired Source of acquisition Full call number Accession Number Koha item type
    Fiction Main Library Main Library SHELF 15 H-HARRY POTTER(CHARACTERISATION),WIMPY KID,DORK DIARIES 01/10/2019 purchase 823 COL/A 11524 Books